BUBT Library Online Catalog

The Feynman Lectures On Physics: (Record no. 5328)

000 -LEADER
fixed length control field 00850nam a22002417a 4500
003 - CONTROL NUMBER IDENTIFIER
control field BUBTL
008 - FIXED-LENGTH DATA ELEMENTS--GENERAL INFORMATION
fixed length control field 160810b xxu||||| |||| 00| 0 eng d
020 ## - INTERNATIONAL STANDARD BOOK NUMBER
International Standard Book Number 9788131792124
082 ## - DEWEY DECIMAL CLASSIFICATION NUMBER
Classification number 530/ F438f/ 2013
100 ## - MAIN ENTRY--PERSONAL NAME
9 (RLIN) 4982
Personal name Feynman, Richard P.
245 ## - TITLE STATEMENT
Title The Feynman Lectures On Physics:
Remainder of title Mainly Electromagnetism and Matter (Volume-2)/
Statement of responsibility, etc. Richard P. Feynman, Robert B. Leighton, Matthew Sands
250 ## - EDITION STATEMENT
Edition statement 1st Edn.
260 ## - PUBLICATION, DISTRIBUTION, ETC. (IMPRINT)
Place of publication, distribution, etc. New York:
Name of publisher, distributor, etc. Pearson,
Date of publication, distribution, etc. c2013
300 ## - PHYSICAL DESCRIPTION
Extent vii, 800 p.:
Other physical details ills.;
Dimensions 28 cm.
500 ## - GENERAL NOTE
General note Includes Index
505 ## - FORMATTED CONTENTS NOTE
Formatted contents note Physics, Richard P. Feynman, Robert B. Leighton, Matthew Sands, The Feynman Lectures On Physics
650 #0 - SUBJECT ADDED ENTRY--TOPICAL TERM
9 (RLIN) 167
Topical term or geographic name as entry element Physics
700 ## - ADDED ENTRY--PERSONAL NAME
9 (RLIN) 4983
Personal name Leighton, Robert B.
700 ## - ADDED ENTRY--PERSONAL NAME
9 (RLIN) 4984
Personal name Sands, Matthew
856 ## - ELECTRONIC LOCATION AND ACCESS
Password 0
Logon 0
Link text Download
942 ## - ADDED ENTRY ELEMENTS (KOHA)
Source of classification or shelving scheme
Koha item type Books
Holdings
Withdrawn status Lost status Source of classification or shelving scheme Damaged status Not for loan Collection code Permanent location Current location Shelving location Date acquired Source of acquisition Inventory number Total Checkouts Full call number Barcode Date last seen Copy number Price effective from Koha item type
        Not For Loan Non-fiction Bangladesh University of Business and Technology Library Bangladesh University of Business and Technology Library Mathematics Stacks 10/23/2014 Purchase 18790   530/ F438f/ 2013 BUBTL-200318790 08/10/2016 C-1 08/10/2016 Books
        Not For Loan Non-fiction Bangladesh University of Business and Technology Library Bangladesh University of Business and Technology Library Mathematics Stacks 10/23/2014 Purchase 18791   530/ F438f/ 2013 BUBTL-200318791 08/10/2016 C-2 08/10/2016 Books
        Not For Loan Non-fiction Bangladesh University of Business and Technology Library Bangladesh University of Business and Technology Library Mathematics Stacks 10/23/2014 Purchase 18792   530/ F438f/ 2013 BUBTL-200318792 08/10/2016 C-3 08/10/2016 Books
        Not For Loan Non-fiction Bangladesh University of Business and Technology Library Bangladesh University of Business and Technology Library Mathematics Stacks 10/23/2014 Purchase 18793   530/ F438f/ 2013 BUBTL-200318793 08/10/2016 C-4 08/10/2016 Books

More Information About Library

Library Hours

  • Open: 9.00 am. to 9.00 pm.
  • Only Sunday: 9.00 am. to 6.00 pm.
  • Closed: Holiday

Contact to the University

Bangladesh University of Business and Technology Library

  • Mirpurl-2, 1216.
  • Phone:
  • Fax:
  • E-Mail: admin.library@bubt.edu.bd

Contact to the Library

Contact Person:

Md. Abdul Hakim Shah
Joint Librarian
PABX No:  113
Cell No: 01816332931
E-mail: official: admin.library@bubt.edu.bd
Personal: hakim.shah@bubt.edu.bd


BUBT Library

Copyright © 2021